000 02204nam a2200481 a 4500
003 BLK
005 20241021174148.0
008 180411b bul|||||r ||||||| ||bul||
010 _aKNG00213881000
020 _a978-619-151-367-3
040 _aBLK
041 _aBUL
_cBUL
072 7 _2bullib
_aН86
_xДетска отраслова литература Н
080 _aАвторство. Литературна дейност и техника. Творческо писане. Писане за публикуване
_b808.1
080 _aИздания за деца и юноши. Книжки-картинки. Читанки. Вж и 372.4 087.5
_b087.5
_x:82.081
_z087.5:808.1
100 1 _aЕдж, Кристофър
_eпърви автор
_966717
139 _aЕдж, Кристофър
_bЕ 28
245 1 0 _aКак да пишем страхотни истории
_bТоп трикове и писателски тайни от експертите на Оксфорд
_cКристофър Едж ; прев. Юлия Спиридонова - Юлка ; нарис. Нейтън Рийд; * Юлка.
257 _aGBR
260 _bСофтПрес
_c2017
_fДобрич : ФолиАрт
_aСофия
300 _a128 с.
_bс цв. ил.
_c24 см
380 _aDN
500 _aОриг. загл. How to Write Your Best Story Ever / Christopher Edge. - Индекс.
650 4 _aТворчество, литературно
_9272965
650 4 _aТворчество - у децата
_9265147
650 4 _aПисане, творческо
_9350278
653 _aлитература за деца
653 _aдетска литература
659 _aН
700 1 _aСпиридонова, Юлия Симеонова
_gЮлка
_9366390
700 1 _aРийд, Нейтън
_eнарис.
_9386509
852 _aЦб 287922
856 4 _qpdf
856 4 _qpdf
942 _cKNG
_n0
_018
_s1
944 _aCR
_c30.10.2017
_k30542
_lРусанова Ирена
944 _aED
_c27.03.2018
_kВиолета_Тройчева
944 _aED
_c2021-03-09
_kСТ
999 _c204324
_d204324
999 _d204324
999 _d204324
999 _d204324
999 _d204324